000 00461nam a2200193Ia 4500
008 210210b1956 xxu||||| |||| 00| 0 eng d
041 _aeng
082 _a383/144
100 _aPRADHAN (N S)
245 _aElements of salesmanship and publicity
260 _aBombay
_bKitab mahal
_c1956
300 _a258
650 _asalesmanship
650 _apublicity
650 _aElements
690 _aSalesmanship
700 _aJAKATE (M N)
906 _a005340
999 _c125414
_d125414